[Event "HUN-chT2 Szechenyi 1718"]
[Site "Hungary"]
[Date "2018.05.06"]
[Round "9.9"]
[White "Nemeth, Andras"]
[Black "Suket, Ferenc"]
[Result "1/2-1/2"]
[WhiteElo "1993"]
[BlackElo "1825"]
[PlyCount "20"]
[EventDate "2017.10.29"]
[EventType "team-tourn"]
[EventRounds "9"]
[EventCountry "HUN"]
[SourceTitle "EXT 2021"]
[Source "ChessBase"]
[SourceDate "2020.10.23"]
[SourceVersion "1"]
[SourceVersionDate "2020.10.23"]
[SourceQuality "1"]
[WhiteTeam "Csuti Baki Agrocentrum"]
[BlackTeam "Keszthely Spartacus"]
[WhiteTeamCountry "HUN"]
[BlackTeamCountry "HUN"]

1. e4 e5 2. Nc3 Bc5 3. Nf3 d6 4. Bc4 Nf6 5. 0-0 0-0 6. h3 h6 7. Qe2 c6 8. d3 b5 9. Bb3 a5 10. a4 b4 1/2-1/2

[Event "HUN-chT2 Szechenyi 1415"]
[Site "Hungary"]
[Date "2014.11.30"]
[Round "5.2"]
[White "Oltean, Gusztav"]
[Black "Nemeth, Andras"]
[Result "1-0"]
[WhiteElo "2079"]
[BlackElo "2024"]
[PlyCount "75"]
[EventDate "2014.09.07"]
[EventType "team-tourn"]
[EventRounds "11"]
[EventCountry "HUN"]
[SourceTitle "EXT 2016"]
[Source "ChessBase"]
[SourceDate "2015.10.08"]
[SourceVersion "1"]
[SourceVersionDate "2015.10.08"]
[SourceQuality "1"]
[WhiteTeam "Veszprem"]
[BlackTeam "Csuti"]
[WhiteTeamCountry "HUN"]
[BlackTeamCountry "HUN"]

1. d4 Nf6 2. c4 e6 3. g3 Bb4+ 4. Bd2 Qe7 5. a3 Bxd2+ 6. Nxd2 d6 7. Bg2 e5 8. dxe5 dxe5 9. e3 0-0 10. Qc2 c6 11. Ne2 Bg4 12. Nc3 Nbd7 13. 0-0 Rad8 14. b4 a5 15. c5 Qe6 16. Nce4 Nd5 17. bxa5 f5 18. Ng5 Qe7 19. Ngf3 Nxc5 20. Rfc1 Na6 21. Nc4 Bxf3 22. Bxf3 f4 23. Be4 fxe3 24. Bxh7+ Kh8 25. Nxe3 Nxe3 26. fxe3 Qg5 27. Re1 Rd5 28. Bd3 Rxa5 29. Qb3 Nc5 30. Qb4 Rfa8 31. Bc2 Rb5 32. Qc4 e4 33. a4 Rba5 34. Rad1 Qe7 35. Rf1 Qe6 36. Qd4 Nxa4 37. Bxe4 Qe5 38. Qd8+ 1-0

[Event "HUN-chT2 Szechenyi 1314"]
[Site "Hungary"]
[Date "2014.03.23"]
[Round "9.8"]
[White "Nemeth, Andras"]
[Black "Erseki, Tamara"]
[Result "1-0"]
[WhiteElo "2035"]
[BlackElo "1630"]
[PlyCount "63"]
[EventDate "2013.09.08"]
[EventType "team-tourn"]
[EventRounds "11"]
[EventCountry "HUN"]
[SourceTitle "EXT 2016"]
[Source "ChessBase"]
[SourceDate "2015.10.08"]
[SourceVersion "1"]
[SourceVersionDate "2015.10.08"]
[SourceQuality "1"]
[WhiteTeam "Baki Agrocentrum"]
[BlackTeam "Tapolca II"]
[WhiteTeamCountry "HUN"]
[BlackTeamCountry "HUN"]

1. e4 c5 2. Nc3 Nc6 3. g3 g6 4. Bg2 Bg7 5. d3 e6 6. f4 Nge7 7. Nf3 d5 8. e5 0-0 9. 0-0 a6 10. Ne2 b5 11. g4 Bb7 12. c3 d4 13. cxd4 Nxd4 14. Nfxd4 Bxg2 15. Nxe6 Qd5 16. Nc3 Qc6 17. Nxf8 Bxf1 18. Qxf1 Rxf8 19. Be3 Rd8 20. Rd1 Qc8 21. Qf3 Nc6 22. h3 Nd4 23. Qe4 Nc2 24. Bf2 Bf8 25. Nd5 Qe6 26. Nf6+ Kg7 27. b3 Nd4 28. Kh1 Be7 29. f5 Qc6 30. Bxd4 Qxe4+ 31. Nxe4 cxd4 32. f6+ 1-0

[Event "HUN-chT2 Szechenyi 1314"]
[Site "Hungary"]
[Date "2014.02.16"]
[Round "7.7"]
[White "Vida, Krisztian"]
[Black "Nemeth, Andras"]
[Result "0-1"]
[WhiteElo "1563"]
[BlackElo "2035"]
[PlyCount "112"]
[EventDate "2013.09.08"]
[EventType "team-tourn"]
[EventRounds "11"]
[EventCountry "HUN"]
[SourceTitle "EXT 2016"]
[Source "ChessBase"]
[SourceDate "2015.10.08"]
[SourceVersion "1"]
[SourceVersionDate "2015.10.08"]
[SourceQuality "1"]
[WhiteTeam "Szombathely Haladas III"]
[BlackTeam "Baki Agrocentrum"]
[WhiteTeamCountry "HUN"]
[BlackTeamCountry "HUN"]

1. d4 Nf6 2. c4 e6 3. Nf3 Bb4+ 4. Bd2 Qe7 5. e3 b6 6. a3 Bxd2+ 7. Nbxd2 Bb7 8. Bd3 0-0 9. 0-0 d6 10. Rc1 e5 11. dxe5 dxe5 12. e4 Nbd7 13. b4 a5 14. Qb3 Rfd8 15. Rfd1 axb4 16. axb4 c5 17. b5 Nf8 18. Ne1 Ne6 19. f3 Nh5 20. Nf1 Qg5 21. Qb2 Rd6 22. Bc2 Nd4 23. Bd3 Nf4 24. Ng3 h5 25. Kh1 h4 26. Ne2 Nxd3 27. Rxd3 Nxe2 28. Qxe2 Qxc1 29. Rxd6 Ra1 30. Kg1 Qxe1+ 31. Qxe1 Rxe1+ 32. Kf2 Ra1 33. Rxb6 Ra7 34. Rd6 Kf8 35. Rd7 Ke8 36. Rc7 Kd8 37. Rxf7 Kc8 38. Rxg7 Ra4 39. Re7 Rxc4 40. Rxe5 Rc2+ 41. Kf1 Kc7 42. Re6 c4 43. g3 h3 44. Rh6 Rxh2 45. Kg1 Rg2+ 46. Kh1 Rxg3 47. Kh2 Rxf3 48. e5 c3 49. b6+ Kb8 50. Rh8+ Bc8 51. Rh7 c2 52. Rc7 Rf2+ 53. Kg1 Rd2 54. e6 h2+ 55. Kh1 c1R+ 56. Rxc1 Bb7+ 0-1

[Event "HUN-chT2 Szechenyi 1314"]
[Site "Hungary"]
[Date "2013.11.17"]
[Round "5.6"]
[White "Nemeth, Andras"]
[Black "Foki, Robert"]
[Result "1-0"]
[WhiteElo "2035"]
[BlackElo "1857"]
[PlyCount "101"]
[EventDate "2013.09.08"]
[EventType "team-tourn"]
[EventRounds "11"]
[EventCountry "HUN"]
[SourceTitle "EXT 2016"]
[Source "ChessBase"]
[SourceDate "2015.10.08"]
[SourceVersion "1"]
[SourceVersionDate "2015.10.08"]
[SourceQuality "1"]
[WhiteTeam "Baki Agrocentrum"]
[BlackTeam "Arboretum"]
[WhiteTeamCountry "HUN"]
[BlackTeamCountry "HUN"]

1. e4 c5 2. Nc3 a6 3. g3 Nc6 4. Bg2 Nf6 5. d3 e6 6. f4 d6 7. Nf3 Be7 8. 0-0 0-0 9. h3 Qc7 10. g4 b5 11. f5 b4 12. Ne2 h6 13. Bf4 e5 14. Bg3 Bb7 15. Nh2 Nh7 16. h4 Qd8 17. Qe1 a5 18. Nf3 Nd4 19. Nexd4 cxd4 20. c3 dxc3 21. bxc3 bxc3 22. Qxc3 Ba6 23. Rfd1 Rc8 24. Qb3 Rb8 25. Qa4 Rb4 26. Qc6 Bb7 27. Qc3 Qa8 28. a3 Rc8 29. Qxc8+ Qxc8 30. axb4 axb4 31. Rdc1 Qd8 32. Ra7 Qb8 33. Ra4 b3 34. Nd2 b2 35. Rb1 Qc7 36. Rc4 Qb6+ 37. Bf2 Qb5 38. Rc2 Qxd3 39. Rbxb2 Bxe4 40. Nxe4 Qd1+ 41. Kh2 Qxg4 42. Rb8+ Nf8 43. f6 gxf6 44. Rcc8 Kg7 45. Ng3 Qxh4+ 46. Bh3 Qf4 47. Be3 Qf3 48. Rc3 Kh7 49. Bf5+ Ng6 50. Rcc8 Qxe3 51. Rh8+ 1-0

[Event "HUN-chT2 Szechenyi 1314"]
[Site "Hungary"]
[Date "2013.11.03"]
[Round "4.4"]
[White "Lang, Gusztav"]
[Black "Nemeth, Andras"]
[Result "0-1"]
[WhiteElo "1985"]
[BlackElo "2035"]
[PlyCount "90"]
[EventDate "2013.09.08"]
[EventType "team-tourn"]
[EventRounds "11"]
[EventCountry "HUN"]
[SourceTitle "EXT 2016"]
[Source "ChessBase"]
[SourceDate "2015.10.08"]
[SourceVersion "1"]
[SourceVersionDate "2015.10.08"]
[SourceQuality "1"]
[WhiteTeam "Sarvar"]
[BlackTeam "Baki Agrocentrum"]
[WhiteTeamCountry "HUN"]
[BlackTeamCountry "HUN"]

1. Nf3 Nf6 2. c4 e6 3. g3 d5 4. Bg2 Be7 5. 0-0 0-0 6. b3 Nbd7 7. Bb2 c6 8. d4 Ne4 9. Nfd2 f5 10. f3 Nd6 11. c5 Nf7 12. Qc2 e5 13. e3 f4 14. gxf4 exf4 15. e4 Nf6 16. e5 Nh5 17. Nc3 Re8 18. b4 Bf8 19. Nb3 Re6 20. Qf2 Rg6 21. Kh1 Qg5 22. Ne2 Qh6 23. Qh4 Re6 24. Bc1 Be7 25. Qe1 Rg6 26. Bd2 Be6 27. Nbc1 Bf5 28. a4 Nd8 29. Ra3 Ne6 30. Qf2 Bg5 31. Kg1 Ng3 32. hxg3 Rf8 33. Rd1 fxg3 34. Nxg3 Bxd2 35. Nxf5 Rxf5 36. Rxd2 Nf4 37. Qe1 Rfg5 38. Raa2 Nh3+ 39. Kf1 Nf4 40. Kg1 Qh3 41. Qf1 Qh4 42. Nd3 Nh3+ 43. Kh2 Nf2+ 44. Kg1 Qh1+ 45. Kxf2 Rxg2+ 0-1

[Event "HUN-chT2 Charousek 1213"]
[Site "Hungary"]
[Date "2013.01.27"]
[Round "6"]
[White "Nemeth, Andras"]
[Black "Kiss, Peter"]
[Result "1-0"]
[WhiteElo "2011"]
[BlackElo "2023"]
[PlyCount "75"]
[EventDate "2012.09.16"]
[EventType "team-tourn"]
[EventRounds "11"]
[EventCountry "HUN"]
[SourceTitle "EXT 2014"]
[Source "ChessBase"]
[SourceDate "2013.11.20"]
[SourceVersion "1"]
[SourceVersionDate "2013.11.20"]
[SourceQuality "1"]
[WhiteTeam "Csuti"]
[BlackTeam "Kobanya Aquarena"]
[WhiteTeamCountry "HUN"]
[BlackTeamCountry "HUN"]

1. e4 e5 2. Nf3 d6 3. d4 exd4 4. Nxd4 Nf6 5. Nc3 Be7 6. Bc4 0-0 7. 0-0 a6 8. a4 Nxe4 9. Nxe4 d5 10. Bd3 dxe4 11. Bxe4 Bf6 12. Be3 Re8 13. Bf3 Nd7 14. c3 Ne5 15. Be2 Bd7 16. h3 Nc6 17. Bf3 Nxd4 18. cxd4 Rb8 19. Rc1 Be7 20. Bf4 Bd6 21. Bxd6 cxd6 22. Qb3 b5 23. Bc6 Re6 24. axb5 axb5 25. Bf3 Rg6 26. Be4 Rf6 27. Rfe1 Qb6 28. Qd3 g6 29. Bf3 Bf5 30. Qd2 Bxh3 31. Re7 Re6 32. Rec7 d5 33. gxh3 Rf6 34. Bg2 Kg7 35. Qe3 Re6 36. Qf4 Rf6 37. Qe5 Qe6 38. Rxf7+ 1-0

[Event "HUN-chT2 Szechenyi 1213"]
[Site "Hungary"]
[Date "2012.11.18"]
[Round "4.1"]
[White "Sardy, Peter"]
[Black "Nemeth, Andras"]
[Result "1-0"]
[WhiteElo "2350"]
[BlackElo "2011"]
[PlyCount "103"]
[EventDate "2012.09.16"]
[EventType "team-tourn"]
[EventRounds "11"]
[EventCountry "HUN"]
[SourceTitle "EXT 2014"]
[Source "ChessBase"]
[SourceDate "2013.11.20"]
[SourceVersion "1"]
[SourceVersionDate "2013.11.20"]
[SourceQuality "1"]
[WhiteTeam "Lovo"]
[BlackTeam "Zalaegerszeg Bagi"]
[WhiteTeamCountry "HUN"]
[BlackTeamCountry "HUN"]

1. e4 e5 2. Nf3 Nc6 3. Bb5 a6 4. Ba4 Nf6 5. 0-0 b5 6. Bb3 Bb7 7. d3 Bc5 8. Nc3 d6 9. a3 h6 10. Be3 Nd4 11. Bxd4 Bxd4 12. Nxd4 exd4 13. Ne2 c5 14. Ng3 Qc7 15. c3 dxc3 16. bxc3 0-0 17. Qf3 Rae8 18. c4 Re5 19. Qd1 bxc4 20. Bxc4 d5 21. exd5 Nxd5 22. Qd2 Rfe8 23. Rac1 Qc6 24. Ne4 Nf6 25. f3 Rd8 26. Qf4 Rde8 27. d4 Rxe4 28. fxe4 Rxe4 29. Qb8+ Re8 30. Qg3 Re4 31. d5 Nxd5 32. Qb8+ Re8 33. Bxd5 Rxb8 34. Bxc6 Bxc6 35. Rxc5 Bd7 36. Ra5 Rb6 37. Rd1 Bc6 38. Rc5 Ba4 39. Rd8+ Kh7 40. Rd3 Rb2 41. h4 Rb7 42. Rd4 Bd7 43. Ra5 Rb1+ 44. Kh2 Bb5 45. a4 Ra1 46. Rb4 Bd3 47. Rd5 Bc2 48. Kg3 Ra2 49. Rf4 Kg6 50. Rc5 f6 51. Kh2 Bd1 52. Ra5 1-0

[Event "HUN-chT2 Szechenyi 1213"]
[Site "Hungary"]
[Date "2012.10.07"]
[Round "2.2"]
[White "Nemeth, Andras"]
[Black "Fendrik, Lajos"]
[Result "1-0"]
[WhiteElo "2011"]
[BlackElo "2196"]
[PlyCount "57"]
[EventDate "2012.09.16"]
[EventType "team-tourn"]
[EventRounds "11"]
[EventCountry "HUN"]
[SourceTitle "EXT 2014"]
[Source "ChessBase"]
[SourceDate "2013.11.20"]
[SourceVersion "1"]
[SourceVersionDate "2013.11.20"]
[SourceQuality "1"]
[WhiteTeam "Zalaegerszeg Bagi"]
[BlackTeam "Zala Volan"]
[WhiteTeamCountry "HUN"]
[BlackTeamCountry "HUN"]

1. e4 e6 2. d4 d5 3. Nd2 a6 4. Bd3 c5 5. c3 cxd4 6. cxd4 dxe4 7. Nxe4 Be7 8. Nf3 Nf6 9. 0-0 0-0 10. Ne5 Nbd7 11. Be3 Nd5 12. Qe2 f5 13. Nc3 Nxe5 14. dxe5 Nxe3 15. Qxe3 b5 16. Rfd1 Qe8 17. Ne2 Rf7 18. Rac1 Bd8 19. Bc2 Rb8 20. Bb3 Bb6 21. Qd3 Rbb7 22. Qd6 Bc7 23. Qxa6 Rb6 24. Qa7 Rc6 25. Rxc6 Qxc6 26. Rc1 Qd7 27. Qc5 Re7 28. Nd4 Ba6 29. Nxe6 1-0

[Event "HUN-chT2 Charousek 1213"]
[Site "Hungary"]
[Date "2012.09.16"]
[Round "1"]
[White "Szente Varga, Fruzsina"]
[Black "Nemeth, Andras"]
[Result "0-1"]
[WhiteElo "2025"]
[BlackElo "2011"]
[PlyCount "64"]
[EventDate "2012.09.16"]
[EventType "team-tourn"]
[EventRounds "11"]
[EventCountry "HUN"]
[SourceTitle "EXT 2014"]
[Source "ChessBase"]
[SourceDate "2013.11.20"]
[SourceVersion "1"]
[SourceVersionDate "2013.11.20"]
[SourceQuality "1"]
[WhiteTeam "Paks II"]
[BlackTeam "Csuti"]
[WhiteTeamCountry "HUN"]
[BlackTeamCountry "HUN"]

1. e4 e5 2. Nf3 Nc6 3. d4 exd4 4. Nxd4 Bc5 5. Nb3 Bb6 6. Nc3 Qf6 7. Qe2 Nge7 8. Nd5 Nxd5 9. exd5+ Ne7 10. h4 h6 11. a4 c6 12. a5 Bc7 13. Rh3 0-0 14. Rf3 Qxh4 15. g3 Qh1 16. Qxe7 Qxf3 17. d6 Bd8 18. Qe3 Qd5 19. Qd4 Re8+ 20. Be3 Qxd4 21. Nxd4 a6 22. Ne2 b6 23. axb6 Rb8 24. c4 c5 25. Bxc5 Bxb6 26. Bxb6 Rxb6 27. 0-0-0 Bb7 28. Kc2 Re6 29. c5 Rb5 30. b4 Rxb4 31. Kc3 Rb5 32. Kc4 Re5 0-1

[Event "Zalakaros op 31st"]
[Site "Zalakaros"]
[Date "2012.06.14"]
[Round "7"]
[White "Kopisch, Martin"]
[Black "Nemeth, Andras"]
[Result "1-0"]
[WhiteElo "2122"]
[BlackElo "2026"]
[PlyCount "95"]
[EventDate "2012.06.08"]
[EventType "swiss"]
[EventRounds "9"]
[EventCountry "HUN"]
[SourceTitle "EXT 2014"]
[Source "ChessBase"]
[SourceDate "2013.11.20"]
[SourceVersion "1"]
[SourceVersionDate "2013.11.20"]
[SourceQuality "1"]

1. e4 e5 2. Nf3 Nc6 3. Bb5 a6 4. Ba4 Nf6 5. Qe2 b5 6. Bb3 Bc5 7. a4 Rb8 8. axb5 axb5 9. d3 d6 10. Be3 Bg4 11. h3 Bh5 12. Nbd2 Nd4 13. Bxd4 Bxd4 14. g4 Bg6 15. Nxd4 exd4 16. f4 h6 17. Nf3 c5 18. 0-0 c4 19. f5 cxb3 20. fxg6 fxg6 21. e5 Qe7 22. Nxd4 dxe5 23. Nxb3 0-0 24. Rae1 Rfe8 25. Qe3 Rbc8 26. Re2 Nd5 27. Qe4 Qa7+ 28. d4 Nf4 29. Re3 g5 30. Rfe1 Rc4 31. c3 Qa2 32. Qc2 Qa7 33. Rxe5 Rf8 34. Qe4 Qf7 35. Rf5 Qd7 36. Rxf8+ Kxf8 37. Nc5 Rxc5 38. dxc5 g6 39. c6 Qf7 40. Kh2 Nd3 41. Re2 Nf4 42. Rd2 Ne6 43. Kg1 Qa7+ 44. Kg2 Nf4+ 45. Kh2 Qb8 46. Qb4+ Kg8 47. Qd6 Qb6 48. Qd8+ 1-0

[Event "Zalakaros op 31st"]
[Site "Zalakaros"]
[Date "2012.06.11"]
[Round "4"]
[White "Sonnberger, Thomas"]
[Black "Nemeth, Andras"]
[Result "1-0"]
[WhiteElo "2192"]
[BlackElo "2026"]
[PlyCount "73"]
[EventDate "2012.06.08"]
[EventType "swiss"]
[EventRounds "9"]
[EventCountry "HUN"]
[SourceTitle "EXT 2014"]
[Source "ChessBase"]
[SourceDate "2013.11.20"]
[SourceVersion "1"]
[SourceVersionDate "2013.11.20"]
[SourceQuality "1"]

1. d4 Nf6 2. Nf3 e6 3. g3 c5 4. Bg2 Nc6 5. 0-0 Be7 6. c4 cxd4 7. Nxd4 0-0 8. Nc3 a6 9. a3 Qc7 10. b4 d6 11. Nf3 Rb8 12. Bb2 b6 13. Rc1 Bb7 14. Nd5 exd5 15. cxd5 Qd7 16. dxc6 Bxc6 17. Ne5 dxe5 18. Rxc6 Rfd8 19. Qxd7 Nxd7 20. Bh3 Bf6 21. Rd1 Nf8 22. Rxd8 Rxd8 23. f4 Rd1+ 24. Kf2 a5 25. fxe5 Bd8 26. Rd6 Rxd6 27. exd6 axb4 28. axb4 g6 29. e4 Ne6 30. Ke3 Kf8 31. Kd3 Ng5 32. Bg2 f6 33. Kc4 Ke8 34. Kd5 f5 35. e5 Kd7 36. h4 Ne6 37. Bf1 1-0

[Event "Zalakaros op 31st"]
[Site "Zalakaros"]
[Date "2012.06.10"]
[Round "3"]
[White "Nemeth, Andras"]
[Black "Bereczki, Janos"]
[Result "1/2-1/2"]
[WhiteElo "2026"]
[BlackElo "2175"]
[PlyCount "63"]
[EventDate "2012.06.08"]
[EventType "swiss"]
[EventRounds "9"]
[EventCountry "HUN"]
[SourceTitle "EXT 2014"]
[Source "ChessBase"]
[SourceDate "2013.11.20"]
[SourceVersion "1"]
[SourceVersionDate "2013.11.20"]
[SourceQuality "1"]

1. e4 e6 2. d4 d5 3. Nd2 Nf6 4. e5 Nfd7 5. Bd3 c5 6. c3 Nc6 7. Ne2 Qb6 8. Nf3 Be7 9. 0-0 f5 10. exf6 Nxf6 11. Re1 cxd4 12. cxd4 Bd6 13. Bf4 Bb4 14. Nc3 0-0 15. Be5 Bd7 16. Re3 Be7 17. Nh4 Ne4 18. Nf3 Qxb2 19. Nxe4 Nxe5 20. dxe5 dxe4 21. Bxe4 Rad8 22. Rb3 Ba4 23. Rxb2 Bxd1 24. Rxb7 Bc5 25. Rc1 Bb6 26. Re7 Bxf3 27. gxf3 Rd2 28. Rxe6 Bxf2+ 29. Kh1 Be3 30. Re1 Bf4 31. h4 Rfd8 32. Rd6 1/2-1/2

[Event "Zalakaros op 31st"]
[Site "Zalakaros"]
[Date "2012.06.08"]
[Round "1"]
[White "Radovanovic, Jovica"]
[Black "Nemeth, Andras"]
[Result "1-0"]
[WhiteElo "2298"]
[BlackElo "2026"]
[PlyCount "49"]
[EventDate "2012.06.08"]
[EventType "swiss"]
[EventRounds "9"]
[EventCountry "HUN"]
[SourceTitle "EXT 2014"]
[Source "ChessBase"]
[SourceDate "2013.11.20"]
[SourceVersion "1"]
[SourceVersionDate "2013.11.20"]
[SourceQuality "1"]

1. Nf3 Nf6 2. c4 e6 3. Nc3 d5 4. d4 Bb4 5. cxd5 exd5 6. Bg5 c6 7. Qc2 Bg4 8. Ne5 Bh5 9. e3 Qa5 10. Bxf6 gxf6 11. Nd3 Bg6 12. Qb3 Bxd3 13. Bxd3 Bxc3+ 14. bxc3 Nd7 15. Rb1 b5 16. 0-0 Nb6 17. e4 a6 18. exd5 cxd5 19. Rfe1+ Kd8 20. a4 Qxa4 21. Qb2 Nc4 22. Qe2 Qa3 23. Bxc4 dxc4 24. Qf3 Kd7 25. Qb7+ 1-0

[Event "HUN-chT 1112"]
[Site "Hungary"]
[Date "2012.05.20"]
[Round "11"]
[White "Szabo, Bence"]
[Black "Nemeth, Andras"]
[Result "1-0"]
[WhiteElo "2333"]
[BlackElo "2040"]
[PlyCount "77"]
[EventDate "2011.09.25"]
[EventType "team-tourn"]
[EventRounds "11"]
[EventCountry "HUN"]
[SourceTitle "EXT 2013"]
[Source "ChessBase"]
[SourceDate "2012.11.22"]
[SourceVersion "1"]
[SourceVersionDate "2012.11.22"]
[SourceQuality "1"]
[WhiteTeam "Paks"]
[BlackTeam "Csuti"]
[WhiteTeamCountry "HUN"]
[BlackTeamCountry "HUN"]

1. d4 Nf6 2. c4 e6 3. Nc3 Bb4 4. Qc2 c5 5. dxc5 Na6 6. a3 Bxc5 7. Nf3 0-0 8. Bg5 h6 9. Bh4 b6 10. Rd1 Be7 11. e3 Bb7 12. Be2 Nc5 13. Rd4 Rc8 14. 0-0 d5 15. Rfd1 Ncd7 16. Qb1 Qe8 17. cxd5 Bxa3 18. Ra4 Bc5 19. Rxa7 Rb8 20. b4 Be7 21. Bg3 exd5 22. Bxb8 Qxb8 23. Ra2 Rc8 24. Rc2 Ne5 25. Nd4 Nfg4 26. g3 Nf6 27. Qb3 Nc4 28. Bf3 Qe5 29. Nce2 Ra8 30. Nf4 Ra3 31. Qb1 Ra4 32. Rxc4 dxc4 33. Bxb7 Rxb4 34. Qc2 Qc7 35. Bf3 Qc5 36. Nf5 Bf8 37. Nd5 Nxd5 38. Bxd5 g6 39. Nxh6+ 1-0

[Event "HUN-chT 1112"]
[Site "Hungary"]
[Date "2012.03.25"]
[Round "8"]
[White "Nemeth, Andras"]
[Black "Joo, Janos"]
[Result "1/2-1/2"]
[WhiteElo "2040"]
[BlackElo "2038"]
[PlyCount "40"]
[EventDate "2011.09.25"]
[EventType "team-tourn"]
[EventRounds "11"]
[EventCountry "HUN"]
[SourceTitle "EXT 2013"]
[Source "ChessBase"]
[SourceDate "2012.11.22"]
[SourceVersion "1"]
[SourceVersionDate "2012.11.22"]
[SourceQuality "1"]
[WhiteTeam "Csuti"]
[BlackTeam "Mako"]
[WhiteTeamCountry "HUN"]
[BlackTeamCountry "HUN"]

1. e4 c5 2. Nc3 Nc6 3. g3 g6 4. Bg2 Bg7 5. d3 d6 6. f4 Nf6 7. Nf3 0-0 8. 0-0 Rb8 9. a4 a6 10. h3 b5 11. Nd2 Nd4 12. Ne2 Nd7 13. c3 Nc6 14. g4 Bb7 15. Ng3 Nb6 16. axb5 axb5 17. f5 b4 18. c4 Ra8 19. Rxa8 Qxa8 20. g5 Nd7 1/2-1/2

[Event "HUN-chT U18"]
[Site "Miskolc"]
[Date "2011.11.05"]
[Round "6.2"]
[White "Benedek, Kata"]
[Black "Nemeth, Andras"]
[Result "0-1"]
[WhiteElo "1747"]
[BlackElo "2040"]
[PlyCount "64"]
[EventDate "2011.11.02"]
[EventType "team-swiss"]
[EventRounds "8"]
[EventCountry "HUN"]
[SourceTitle "EXT 2012"]
[Source "ChessBase"]
[SourceDate "2011.11.24"]
[SourceVersion "1"]
[SourceVersionDate "2011.11.24"]
[SourceQuality "1"]
[WhiteTeam "Kisber Aszar"]
[BlackTeam "Csuti"]
[WhiteTeamCountry "HUN"]
[BlackTeamCountry "HUN"]

1. e4 e5 2. Nf3 Nc6 3. Bc4 Nf6 4. d3 Be7 5. 0-0 0-0 6. Nc3 d6 7. h3 Be6 8. Bb3 h6 9. Be3 d5 10. exd5 Nxd5 11. Qd2 Nxc3 12. bxc3 Bf5 13. Rab1 Bf6 14. Rfe1 b6 15. Nh2 Na5 16. Nf1 c5 17. c4 Qc7 18. Ng3 Bg6 19. Ne4 Be7 20. f4 f5 21. Ng3 Bh4 22. Qf2 e4 23. dxe4 fxe4 24. Rbd1 Rad8 25. Rd2 Rxd2 26. Bxd2 Rd8 27. Bxa5 bxa5 28. Qe3 Qc6 29. Rf1 a4 30. f5 Bf7 31. Bxa4 Qxa4 32. Nxe4 Re8 0-1

[Event "HUN-chT U18"]
[Site "Miskolc"]
[Date "2011.11.04"]
[Round "4.3"]
[White "Nemeth, Andras"]
[Black "Havasi, Gergo"]
[Result "1/2-1/2"]
[WhiteElo "2040"]
[BlackElo "1849"]
[PlyCount "120"]
[EventDate "2011.11.02"]
[EventType "team-swiss"]
[EventRounds "8"]
[EventCountry "HUN"]
[SourceTitle "EXT 2012"]
[Source "ChessBase"]
[SourceDate "2011.11.24"]
[SourceVersion "1"]
[SourceVersionDate "2011.11.24"]
[SourceQuality "1"]
[WhiteTeam "Csuti"]
[BlackTeam "MAV Elore"]
[WhiteTeamCountry "HUN"]
[BlackTeamCountry "HUN"]

1. e4 c5 2. Nc3 Nc6 3. g4 d6 4. Bg2 g6 5. d3 Bg7 6. h3 e5 7. Nge2 Be6 8. 0-0 f6 9. f4 Qd7 10. f5 Bf7 11. Nd5 g5 12. Ng3 Nge7 13. Bxg5 Nxd5 14. exd5 Nb4 15. Bd2 Nxd5 16. c4 Ne7 17. Ne4 h6 18. h4 0-0-0 19. Qf3 Nc6 20. a3 Nd4 21. Qf2 Qe7 22. Be3 b6 23. Nc3 Rhg8 24. Bxd4 cxd4 25. Qf3 d5 26. Nxd5 Bxd5 27. cxd5 Rd6 28. Rac1+ Kb8 29. Rc6 Rc8 30. Rfc1 Rcd8 31. Qd1 h5 32. Qc2 Rxc6 33. Qxc6 Qd7 34. g5 Qd6 35. b4 Bh8 36. a4 Bg7 37. a5 Bf8 38. axb6 axb6 39. b5 Be7 40. g6 Bf8 41. Bf3 Bh6 42. Ra1 Qxc6 43. dxc6 Be3+ 44. Kg2 Bh6 45. Ra8+ Kc7 46. Rxd8 Kxd8 47. Bxh5 Kc7 48. Bd1 Bg7 49. Kf3 Kd6 50. Ke4 Bh6 51. Bb3 Bf8 52. Bg8 Bg7 53. Be6 Bf8 54. Bc8 Bh6 55. Bb7 Bf8 56. g7 Bxg7 57. Kf3 Bh6 58. Kg4 Bd2 59. Kh5 Be1 60. Kg4 Bd2 1/2-1/2

[Event "HUN-ch U18"]
[Site "Celldoemoelk"]
[Date "2011.06.30"]
[Round "4"]
[White "Nemeth, Andras"]
[Black "Diczko, Zsombor"]
[Result "1-0"]
[WhiteElo "2034"]
[BlackElo "1800"]
[PlyCount "77"]
[EventDate "2011.06.27"]
[EventType "swiss"]
[EventRounds "7"]
[EventCountry "HUN"]
[SourceTitle "EXT 2012"]
[Source "ChessBase"]
[SourceDate "2011.11.24"]
[SourceVersion "1"]
[SourceVersionDate "2011.11.24"]
[SourceQuality "1"]

1. d4 d5 2. g3 Nf6 3. Bg2 c6 4. Nd2 Bf5 5. Ngf3 h6 6. c4 e6 7. Qb3 Qc7 8. 0-0 Nbd7 9. Rd1 Be7 10. Nf1 Qb6 11. c5 Qxb3 12. axb3 0-0 13. b4 a6 14. h3 Rfe8 15. Nh4 Bh7 16. f4 Ne4 17. Nf3 Ndf6 18. Ne5 Red8 19. g4 Nd7 20. Nf3 h5 21. g5 Bf5 22. Nh4 Nf8 23. Ne3 g6 24. Ra3 Ng3 25. Re1 Ne4 26. Nf3 Nd7 27. Nd2 f6 28. h4 fxg5 29. hxg5 Kg7 30. Nxe4 dxe4 31. Nc2 Rh8 32. Re3 Kf7 33. Bxe4 a5 34. bxa5 Rxa5 35. Bd2 Ra4 36. Bxf5 exf5 37. Rb3 Rc4 38. Na3 Rd8 39. Nxc4 1-0

[Event "HUN-ch U18"]
[Site "Celldoemoelk"]
[Date "2011.06.28"]
[Round "2"]
[White "Nemeth, Andras"]
[Black "Ruboczki, Tibor"]
[Result "1/2-1/2"]
[WhiteElo "2034"]
[BlackElo "1927"]
[PlyCount "55"]
[EventDate "2011.06.27"]
[EventType "swiss"]
[EventRounds "7"]
[EventCountry "HUN"]
[SourceTitle "EXT 2012"]
[Source "ChessBase"]
[SourceDate "2011.11.24"]
[SourceVersion "1"]
[SourceVersionDate "2011.11.24"]
[SourceQuality "1"]

1. e4 e6 2. d4 d5 3. Nd2 dxe4 4. Nxe4 Nd7 5. Nf3 Ngf6 6. Bd3 c5 7. Nxf6+ Nxf6 8. dxc5 Bxc5 9. 0-0 0-0 10. b3 b6 11. Bb2 h6 12. Qe2 Bb7 13. Ne5 Qd5 14. Nf3 Qh5 15. h3 Bxf3 16. Qxf3 Qxf3 17. gxf3 Nd5 18. Rfd1 Nf4 19. Bf1 Rfd8 20. Be5 Nd5 21. a3 f6 22. Bb2 Rac8 23. c4 Nf4 24. b4 Be7 25. Bc3 f5 26. Bd2 Bg5 27. Be3 Ng6 28. Kg2 1/2-1/2

[Event "HUN-chT U18"]
[Site "Miskolc"]
[Date "2010.11.04"]
[Round "4.9"]
[White "Nemeth, Andras"]
[Black "Halmi, Bence"]
[Result "1/2-1/2"]
[WhiteElo "2069"]
[BlackElo "2080"]
[PlyCount "53"]
[EventDate "2010.11.02"]
[EventType "team-swiss"]
[EventRounds "8"]
[EventCountry "HUN"]
[SourceTitle "EXT 2016"]
[Source "ChessBase"]
[SourceDate "2015.10.08"]
[SourceVersion "1"]
[SourceVersionDate "2015.10.08"]
[SourceQuality "1"]

1. e4 e6 2. d4 d5 3. Nd2 dxe4 4. Nxe4 Nd7 5. Nf3 Ngf6 6. Bd3 c5 7. 0-0 cxd4 8. Nxd4 Nc5 9. Nxc5 Bxc5 10. Nb3 Be7 11. Qe2 Qc7 12. Bg5 0-0 13. Rad1 Bd7 14. Rfe1 Bc6 15. Nd4 Rfe8 16. Nxc6 bxc6 17. c4 Rad8 18. a3 h6 19. Bd2 Rd7 20. Bc3 Red8 21. Bc2 Rxd1 22. Bxd1 Qf4 23. g3 Qg5 24. h4 Qf5 25. Kg2 Ne4 26. Bc2 Nxc3 27. Bxf5 1/2-1/2